000 00448nam a2200193Ia 4500
005 20250423100632.0
008 250422s9999 xx 000 0 und d
020 _a978-81-8281-168-3
050 _aHB 171.5 .J49/
100 _aM.L Jhigan
245 0 _aPrinciples of microe-conomics
250 _a3rd ed.
260 _aNew Delhi
260 _bVrinda Publication
260 _c2009
300 _a859 p
650 _aEconomics
942 _cBK
999 _c33900
_d33900